!Si me dieran lo de la reparación! (Registro nro. 309623)

Detalles MARC
000 -ENCABEZADO
Número de control [NR] 01251 a2200277 4500
005 - FECHA Y HORA DE LA ÚLTIMA TRANSACCIÓN
control field 20190204145915.0
008 - DE LONGITUD FIJA DE DATOS DE ELEMENTOS - INFORMACIÓN GENERAL
Elementos de longitud fija [NR] 180412s2017 ck |||||r|||| 00| 0 spa d
020 ## - NUMERO INTERNACIONAL NORMALIZADO PARA LIBROS [R]
Número Internacional Normalizado del libro [NR] 9789587632422
040 ## - FUENTE DE CATALOGACION [NR]
Agencia de catalogación original [NR] CO-BoUCM
Idioma de catalogación [NR] spa
Quien Cataloga Saul Niño (Modificó)
Quien Clasifica Sandra Palacio
041 0# - CODIGO DE IDIOMA [R]
Código de idioma para texto/pista de sonido o título separado [R] Español
100 1# - ASIENTO PRINCIPAL--NOMBRE PERSONAL [NR]
Nombre personal [NR] Guevara Peña, Nora Liliana
ID Autoridad 92100
245 11 - MENCION DE TITULO [NR]
Título [NR] !Si me dieran lo de la reparación!
Parte restante del título [NR] personas mayores víctimas del conflicto armado: reparación integral desde un enfoque diferencial
Mención de responsabilidad, etc. [NR] Nora Liliana Guevara Peña ...[y otros]
246 ## - FORMA VARIANTE DEL TITULO [R]
Título propiamente dicho/forma breve del título [NR] Si me dieran lo de la reparación
260 ## - PUBLICACION, DISTRIBUCION, ETC. (PIE DE IMPRENTA) [R]
Nombre del editor, distribuidor, etc. [R] Corporación Universitaria Minuto de Dios
Lugar de publicación, distribución, etc. [R] Bogotá (Colombia)
Fecha de publicación, distribución, etc. [R] 2017
300 ## - DESCRIPCION FISICA [R]
Extensión [R] 109 páginas
650 17 - ASIENTO SECUNDARIO DE MATERIA - TERMINO TEMATICO [R]
9 (RLIN) 9040
Término temático o nombre geográfico como elemento de entrada [NR] Ancianos
Subdivisión general [R] Aspectos sociales
Subdivisión geográfica [R] Colombia
650 27 - ASIENTO SECUNDARIO DE MATERIA - TERMINO TEMATICO [R]
9 (RLIN) 11564
Término temático o nombre geográfico como elemento de entrada [NR] Conflicto armado
Subdivisión general [R] Derechos civiles
Subdivisión geográfica [R] Colombia
650 27 - ASIENTO SECUNDARIO DE MATERIA - TERMINO TEMATICO [R]
9 (RLIN) 81633
Término temático o nombre geográfico como elemento de entrada [NR] Víctimas del conflicto armado
Subdivisión geográfica [R] Colombia
700 1# - ASIENTO SECUNDARIO - NOMBRE PERSONAL [R]
Nombre personal [NR] Morals Alvarino, Milena Victoria
9 (RLIN) 92101
700 1# - ASIENTO SECUNDARIO - NOMBRE PERSONAL [R]
Nombre personal [NR] Trujillo García, Nohora Esperanza
9 (RLIN) 92102
700 1# - ASIENTO SECUNDARIO - NOMBRE PERSONAL [R]
Nombre personal [NR] Rdríguez Acosta, Edna Virginia
9 (RLIN) 92103
700 1# - ASIENTO SECUNDARIO - NOMBRE PERSONAL [R]
Nombre personal [NR] Sandoval Erazo, Myriam del Socorro
9 (RLIN) 92104
710 1# - ASIENTO SECUNDARIO - NOMBRE CORPORATIVO [R]
Nombre corporativo o de jurisdicción como elemento de entrada [NR] Corporación Universitaria Minuto de Dios
9 (RLIN) 29719
942 ## - ELEMENTOS DE ENTRADA AGREGADOS (KOHA)
Tipo de ítem principal el descrito en 300a Libro
Sistema de clasificación DEWEY
Tema principal Sociología
Edición 1
Clasificación 305.26
Parte restante de la signatura top. G939sd
Existencias
Total préstamos Signatura topográfica Código de barras Última vez visto Ejemplar Costo de reposición Price effective from Tipo de ítem Perdido Sistema de clasificación Dañado No prestable Tipo de ítem específico Suprimido Ubicación habitual Ubicación actual Localización Fecha de creación Proveedor Forma de adquisición Costo
  305.26 G939sd 100156352 09/12/2025 Ej.1 26000.00 10/04/2018 Libro   DEWEY     Libro   Claustro Claustro 2do piso 10/04/2018 12 Donación 0.00